000 00431nam a2200157 4500
999 _c1214
_d1214
008 200114b ||||| |||| 00| 0 eng d
082 0 0 _a623.87236
_bP8767
100 _9803
_aPounder, C. C.
245 1 0 _aMarine Diesel Engines /
_cby C C Pounder
250 _a5th ed.
260 _aLondon
_bNewnes-Butterworths
_c1975
300 _a737 p.
440 _aMarine Engineering Series
650 0 _aMarine Diesel Motors
942 _2ddc
_cBK